[Event "Titled Tuesday intern op 02nd Apr Early"]
[Site "Chess.com INT"]
[Date "2024.04.02"]
[Round "1"]
[White "Dau, Khuong Duy"]
[Black "Dinu, Dumitru Daniel"]
[Result "1/2-1/2"]
[WhiteElo "2368"]
[BlackElo "2190"]
[PlyCount "58"]
[EventDate "2024.04.02"]
[EventType "swiss (blitz)"]
[EventRounds "11"]
[EventCountry "USA"]
[SourceTitle "CB15_2024"]
[SourceDate "2024.04.10"]
[SourceVersion "1"]
[SourceVersionDate "2024.04.10"]
[SourceQuality "1"]

1. c4 e5 2. Nc3 Nf6 3. Nf3 Nc6 4. e3 e4 5. Ng5 Qe7 6. Qc2 Nb4 7. Qb1 d5 8. a3 Nd3+ 9. Bxd3 exd3 10. Qxd3 dxc4 11. Qxc4 h6 12. Nf3 Be6 13. Qe2 0-0-0 14. 0-0 g5 15. d4 g4 16. Ne5 h5 17. e4 Rxd4 18. Nb5 Ra4 19. Qc2 Ra5 20. a4 Qc5 21. Qd2 Rxb5 22. axb5 Qxe5 23. Rxa7 b6 24. Ra8+ Kb7 25. Qd8 Bg7 26. Rb8+ Ka7 27. Ra8+ Kb7 28. Rb8+ Ka7 29. Ra8+ Kb7 1/2-1/2

[Event "Titled Tuesday intern op 02nd Apr Early"]
[Site "Chess.com INT"]
[Date "2024.04.02"]
[Round "5"]
[White "Dau, Khuong Duy"]
[Black "Gurevich, Dmitry"]
[Result "1-0"]
[WhiteElo "2368"]
[BlackElo "2357"]
[PlyCount "67"]
[EventDate "2024.04.02"]
[EventType "swiss (blitz)"]
[EventRounds "11"]
[EventCountry "USA"]
[SourceTitle "CB15_2024"]
[SourceDate "2024.04.10"]
[SourceVersion "1"]
[SourceVersionDate "2024.04.10"]
[SourceQuality "1"]

1. e4 c5 2. Nf3 d6 3. Bb5+ Bd7 4. c4 Nf6 5. Nc3 Nc6 6. 0-0 g6 7. d4 cxd4 8. Nxd4 Bg7 9. Be3 Ng4 10. Nxc6 bxc6 11. Bxc6 Nxe3 12. Bxd7+ Qxd7 13. fxe3 Bxc3 14. bxc3 Qe6 15. Qa4+ Kf8 16. c5 dxc5 17. Rad1 Kg7 18. Rd5 Rab8 19. Rxc5 Rb2 20. Qd4+ f6 21. e5 f5 22. a4 Rhb8 23. Rc7 R8b7 24. Rxb7 Rxb7 25. e4 Rd7 26. exf5 gxf5 27. Qf4 Rd3 28. Qg5+ Qg6 29. Qxe7+ Kh6 30. Qh4+ Kg7 31. Qc4 Rd2 32. Qc7+ Kh6 33. Qb7 f4 34. Qf3 1-0

[Event "Titled Tuesday intern op 02nd Apr Early"]
[Site "Chess.com INT"]
[Date "2024.04.02"]
[Round "9"]
[White "Dau, Khuong Duy"]
[Black "Shirov, Alexei"]
[Result "1-0"]
[WhiteElo "2368"]
[BlackElo "2661"]
[PlyCount "71"]
[EventDate "2024.04.02"]
[EventType "swiss (blitz)"]
[EventRounds "11"]
[EventCountry "USA"]
[SourceTitle "CB15_2024"]
[SourceDate "2024.04.10"]
[SourceVersion "1"]
[SourceVersionDate "2024.04.10"]
[SourceQuality "1"]

1. e4 e5 2. Nf3 Nc6 3. Bb5 a6 4. Ba4 Nf6 5. 0-0 b5 6. Bb3 Bc5 7. d3 d6 8. a4 Rb8 9. axb5 axb5 10. Nc3 Bg4 11. Be3 Nd4 12. Bxd4 Bxd4 13. h3 Bxf3 14. Qxf3 0-0 15. Ra6 Bxc3 16. bxc3 Ra8 17. Rfa1 Rxa6 18. Rxa6 Qc8 19. Ra2 c5 20. Bd5 Nxd5 21. exd5 Qb7 22. g3 Ra8 23. Rxa8+ Qxa8 24. Qf5 Qd8 25. Qe4 g6 26. c4 b4 27. f4 exf4 28. Qxf4 Kg7 29. d4 Qb6 30. dxc5 Qxc5+ 31. Kf1 h6 32. h4 h5 33. Ke2 Kf8 34. Kd3 Qc7 35. Qf6 Qe7 36. Qh8# 1-0

[Event "Titled Tuesday intern op 02nd Apr Early"]
[Site "Chess.com INT"]
[Date "2024.04.02"]
[Round "8"]
[White "Vetoshko, Volodymyr"]
[Black "Dau, Khuong Duy"]
[Result "0-1"]
[WhiteElo "2505"]
[BlackElo "2368"]
[PlyCount "74"]
[EventDate "2024.04.02"]
[EventType "swiss (blitz)"]
[EventRounds "11"]
[EventCountry "USA"]
[SourceTitle "CB15_2024"]
[SourceDate "2024.04.10"]
[SourceVersion "1"]
[SourceVersionDate "2024.04.10"]
[SourceQuality "1"]

1. e4 c5 2. d4 cxd4 3. Qxd4 Nc6 4. Qd3 g6 5. Nc3 Bg7 6. Nf3 d6 7. Be2 Nf6 8. 0-0 0-0 9. Nd5 Nd7 10. c3 a5 11. Bg5 Nc5 12. Qe3 Ne6 13. Bh4 h6 14. Rad1 a4 15. a3 Ra5 16. h3 Bd7 17. Rfe1 Rc5 18. Bd3 Nc7 19. Bc2 g5 20. Bg3 Ne6 21. e5 Qa5 22. Qe4 Rc8 23. exd6 Nf8 24. dxe7 Ng6 25. Bd6 Rb5 26. Nc7 Rxb2 27. e8Q+ Bxe8 28. Nxe8 Bxc3 29. Re2 Bg7 30. Rd5 Qc3 31. Nxg7 Kxg7 32. h4 g4 33. Ne5 Ncxe5 34. Bxe5+ Nxe5 35. Rxe5 Rxc2 36. Qxg4+ Kf8 37. Rxc2 Qa1+ 0-1

[Event "Hanoi GM2 03"]
[Site "Hanoi"]
[Date "2024.03.20"]
[Round "3"]
[White "Dau, Khuong Duy"]
[Black "Nguyen, Van Huy"]
[Result "1/2-1/2"]
[WhiteElo "2359"]
[BlackElo "2356"]
[PlyCount "40"]
[EventDate "2024.03.19"]
[EventType "tourn"]
[EventRounds "9"]
[EventCountry "VIE"]
[SourceTitle "CB13_2024"]
[SourceDate "2024.03.27"]
[SourceVersion "1"]
[SourceVersionDate "2024.03.27"]
[SourceQuality "1"]

1. c4 e6 2. Nf3 Nf6 3. e3 d5 4. b3 c5 5. Bb2 Nc6 6. cxd5 exd5 7. Bb5 Bd6 8. 0-0 0-0 9. h3 Bd7 10. d4 cxd4 11. Bxc6 bxc6 12. exd4 Ne4 13. Nc3 Rc8 14. Ne5 Nxc3 15. Bxc3 Bf5 16. Qd2 f6 17. Nd3 Bb8 18. Nc5 Qd6 19. f4 Rfe8 20. Rfe1 Rxe1+ 1/2-1/2

[Event "Hanoi GM2 03"]
[Site "Hanoi"]
[Date "2024.03.20"]
[Round "8"]
[White "Dau, Khuong Duy"]
[Black "Tran, Tuan Minh"]
[Result "1-0"]
[WhiteElo "2359"]
[BlackElo "2465"]
[PlyCount "82"]
[EventDate "2024.03.19"]
[EventType "tourn"]
[EventRounds "9"]
[EventCountry "VIE"]
[SourceTitle "CB13_2024"]
[SourceDate "2024.03.27"]
[SourceVersion "1"]
[SourceVersionDate "2024.03.27"]
[SourceQuality "1"]

1. e4 c5 2. Nc3 a6 3. Nge2 b5 4. d4 cxd4 5. Nxd4 Bb7 6. a3 e6 7. g3 Nf6 8. Bg2 b4 9. axb4 Bxb4 10. 0-0 d6 11. Re1 0-0 12. e5 Bxg2 13. exf6 Bb7 14. fxg7 Re8 15. Ne4 Nd7 16. c3 Bc5 17. Nb3 Ne5 18. Nbxc5 dxc5 19. Qh5 f6 20. Qxe8+ Qxe8 21. Nxf6+ Kf7 22. Nxe8 Nf3+ 23. Kf1 Nxh2+ 24. Ke2 Rxe8 25. Ra4 Kxg7 26. Be3 Bc6 27. Rf4 e5 28. Rh4 Nf3 29. Rh6 Be4 30. Rd1 Rb8 31. Rd7+ Kg8 32. Bc1 Bf5 33. Rdd6 e4 34. Rb6 Re8 35. Bf4 Bd7 36. Rb8 Rxb8 37. Bxb8 Kg7 38. Rb6 Bb5+ 39. Ke3 Bd3 40. Bd6 c4 41. Rxa6 Kg6 1-0

[Event "Hanoi GM2 03"]
[Site "Hanoi"]
[Date "2024.03.20"]
[Round "5"]
[White "Mohammad Fahad, Rahman"]
[Black "Dau, Khuong Duy"]
[Result "1-0"]
[WhiteElo "2426"]
[BlackElo "2359"]
[PlyCount "65"]
[EventDate "2024.03.19"]
[EventType "tourn"]
[EventRounds "9"]
[EventCountry "VIE"]
[SourceTitle "CB13_2024"]
[SourceDate "2024.03.27"]
[SourceVersion "1"]
[SourceVersionDate "2024.03.27"]
[SourceQuality "1"]

1. d4 Nf6 2. c4 g6 3. Nf3 Bg7 4. g3 0-0 5. Bg2 d6 6. Nc3 Nc6 7. d5 Na5 8. b3 c5 9. Bb2 a6 10. 0-0 Rb8 11. Nd2 b5 12. Qc1 bxc4 13. bxc4 Bh6 14. e3 Bf5 15. Nd1 Ng4 16. Re1 Ne5 17. Bf1 Bg4 18. Bc3 Bg7 19. f4 Bxd1 20. Rxd1 Nd7 21. Bh3 Bxc3 22. Qxc3 Nf6 23. e4 Qb6 24. e5 Nh5 25. Rab1 Qc7 26. exd6 exd6 27. f5 Rxb1 28. Rxb1 Qd8 29. Rf1 Nb7 30. f6 Qe8 31. g4 Qe2 32. gxh5 Re8 33. Nf3 1-0

[Event "Hanoi GM2 03"]
[Site "Hanoi"]
[Date "2024.03.20"]
[Round "2"]
[White "Tran, Dang Minh Quang"]
[Black "Dau, Khuong Duy"]
[Result "1/2-1/2"]
[WhiteElo "2269"]
[BlackElo "2359"]
[PlyCount "72"]
[EventDate "2024.03.19"]
[EventType "tourn"]
[EventRounds "9"]
[EventCountry "VIE"]
[SourceTitle "CB13_2024"]
[SourceDate "2024.03.27"]
[SourceVersion "1"]
[SourceVersionDate "2024.03.27"]
[SourceQuality "1"]

1. c4 Nf6 2. g3 g6 3. Bg2 Bg7 4. Nc3 0-0 5. d4 d6 6. h3 c5 7. e3 Nc6 8. Nge2 Bd7 9. 0-0 Rb8 10. b3 a6 11. dxc5 dxc5 12. e4 Qc8 13. Be3 Bxh3 14. Bxc5 Bxg2 15. Kxg2 b5 16. cxb5 axb5 17. b4 Qe6 18. Qb3 Qxb3 19. axb3 Nd7 20. Rac1 Rfc8 21. Rfd1 Nxc5 22. bxc5 e6 23. Na2 b4 24. Rc4 Bf8 25. Nec1 Rb5 26. Nd3 Rd8 27. Rcc1 Ra8 28. Rd2 Ra3 29. Naxb4 Nxb4 30. Nxb4 Rxb4 31. c6 Rb8 32. b4 Be7 33. Rd7 Kf8 34. Rb7 Rxb7 35. cxb7 Bd6 36. b5 Rb3 1/2-1/2

[Event "Budapest SixDays 01 GM-B"]
[Site "Budapest"]
[Date "2024.01.31"]
[Round "7"]
[White "Dau, Khuong Duy"]
[Black "Grover, Sahaj"]
[Result "0-1"]
[WhiteElo "2309"]
[BlackElo "2503"]
[PlyCount "116"]
[EventDate "2024.01.27"]
[EventType "tourn"]
[EventRounds "9"]
[EventCountry "HUN"]
[EventCategory "7"]
[SourceTitle "CB06_2024"]
[SourceDate "2024.02.07"]
[SourceVersion "1"]
[SourceVersionDate "2024.02.07"]
[SourceQuality "1"]

1. e4 e5 2. Nf3 Nc6 3. Bb5 a6 4. Ba4 Nf6 5. 0-0 Bc5 6. d3 b5 7. Bb3 d6 8. a4 Bg4 9. c3 0-0 10. h3 Bxf3 11. Qxf3 Na5 12. Nd2 b4 13. Ba2 Rb8 14. Nc4 bxc3 15. bxc3 Nb3 16. Rb1 Nxc1 17. Rfxc1 c6 18. Rd1 Rxb1 19. Bxb1 Qb8 20. Bc2 d5 21. exd5 cxd5 22. Nxe5 Bxf2+ 23. Qxf2 Qxe5 24. Qd4 Qe2 25. Qf2 Re8 26. Rb1 Qe5 27. Qd4 Qg5 28. Qf2 h5 29. Kh1 h4 30. Bd1 Re3 31. Rb8+ Kh7 32. Rb4 Qe5 33. Qxh4+ Kg8 34. Qf4 Re1+ 35. Kh2 Qxf4+ 36. Rxf4 Rxd1 37. Rd4 a5 38. g4 g5 39. h4 gxh4 40. g5 Nh5 41. Rxh4 Rd2+ 42. Kg1 Ng3 43. g6 f5 44. c4 d4 45. c5 Kg7 46. c6 Rc2 47. c7 f4 48. Rh2 Rc3 49. Kf2 Kxg6 50. Kf3 Kf5 51. Rh8 Rxc7 52. Rf8+ Ke5 53. Re8+ Kd6 54. Rd8+ Kc5 55. Rb8 Re7 56. Rb5+ Kc6 57. Rxa5 Ne2 58. Ra6+ Kc5 0-1

[Event "Budapest SixDays 01 GM-B"]
[Site "Budapest"]
[Date "2024.01.30"]
[Round "6"]
[White "Pang, Tao"]
[Black "Dau, Khuong Duy"]
[Result "1-0"]
[WhiteElo "2430"]
[BlackElo "2309"]
[PlyCount "93"]
[EventDate "2024.01.27"]
[EventType "tourn"]
[EventRounds "9"]
[EventCountry "HUN"]
[EventCategory "7"]
[SourceTitle "CB06_2024"]
[SourceDate "2024.02.07"]
[SourceVersion "1"]
[SourceVersionDate "2024.02.07"]
[SourceQuality "1"]

1. d4 Nf6 2. c4 g6 3. Nc3 Bg7 4. e4 d6 5. Nf3 0-0 6. Be2 e5 7. 0-0 Nc6 8. d5 Ne7 9. b4 Ne8 10. c5 h6 11. a4 f5 12. Nd2 Nf6 13. f3 f4 14. Ba3 Ne8 15. Nc4 g5 16. a5 Ng6 17. b5 b6 18. axb6 axb6 19. cxb6 cxb6 20. Bb4 Rb8 21. Ra7 h5 22. Na4 g4 23. fxg4 Nh4 24. h3 hxg4 25. Bxg4 Rf6 26. Nxe5 dxe5 27. Be7 Bxg4 28. Qxg4 Qc8 29. Qxh4 Rg6 30. Qh5 Rh6 31. Qe2 Rb7 32. Rxb7 Qxb7 33. Bb4 Qc8 34. Nc3 Rg6 35. Rf3 Bf8 36. Bxf8 Kxf8 37. Nd1 Qc5+ 38. Kh2 Nd6 39. Rc3 Qxb5 40. Qh5 Qe8 41. Qh8+ Ke7 42. Qh7+ Kf6 43. Nf2 Qg8 44. Qh4+ Kg7 45. Rc7+ Nf7 46. Ng4 Qe8 47. Re7 1-0

[Event "Titled Tuesday intern op 23rd Jan Late"]
[Site "Chess.com INT"]
[Date "2024.01.23"]
[Round "4"]
[White "Aronian, Levon"]
[Black "Dau, Khuong Duy"]
[Result "1-0"]
[WhiteElo "2725"]
[BlackElo "2309"]
[PlyCount "81"]
[EventDate "2024.01.23"]
[EventType "swiss (blitz)"]
[EventRounds "11"]
[EventCountry "USA"]
[SourceTitle "CB05_2024"]
[SourceDate "2024.01.31"]
[SourceVersion "1"]
[SourceVersionDate "2024.01.31"]
[SourceQuality "1"]

1. e4 c5 2. Nf3 d6 3. c3 Nf6 4. Be2 g6 5. 0-0 Bg7 6. d3 0-0 7. Be3 Nc6 8. Nbd2 b6 9. d4 Ng4 10. Bg5 cxd4 11. cxd4 Bb7 12. d5 Nce5 13. Nxe5 Nxe5 14. Rc1 Bf6 15. Bh6 Bg7 16. Bxg7 Kxg7 17. Qa4 a6 18. Qd4 f6 19. Nb3 Nd7 20. Qe3 e5 21. dxe6 Nc5 22. Nd4 Qe7 23. Bc4 Kh8 24. Bd5 Rac8 25. b4 Na4 26. Rxc8 Rxc8 27. Rc1 Re8 28. Rc2 b5 29. Qc1 Nb6 30. Rc7 Rc8 31. Rxc8+ Nxc8 32. h4 Nb6 33. Bxb7 Qxb7 34. Qf4 Qe7 35. h5 Nc4 36. hxg6 hxg6 37. Qh6+ Kg8 38. Qxg6+ Kf8 39. Qh5 Kg8 40. Qd5 Ne5 41. Nf5 1-0

[Event "Titled Tuesday intern op 23rd Jan Late"]
[Site "Chess.com INT"]
[Date "2024.01.23"]
[Round "10"]
[White "Dau, Khuong Duy"]
[Black "Koellner, Ruben Gideon"]
[Result "1-0"]
[WhiteElo "2309"]
[BlackElo "2482"]
[PlyCount "85"]
[EventDate "2024.01.23"]
[EventType "swiss (blitz)"]
[EventRounds "11"]
[EventCountry "USA"]
[SourceTitle "CB05_2024"]
[SourceDate "2024.01.31"]
[SourceVersion "1"]
[SourceVersionDate "2024.01.31"]
[SourceQuality "1"]

1. e4 d6 2. d4 Nf6 3. Nc3 e5 4. Nf3 Nbd7 5. Bc4 Be7 6. 0-0 c6 7. a4 h6 8. dxe5 dxe5 9. a5 Qc7 10. Qe2 Nf8 11. Rd1 Ng6 12. h3 0-0 13. Be3 Nh5 14. Qf1 Nhf4 15. Kh2 Kh8 16. Ng1 f5 17. g3 fxe4 18. Nxe4 Nd5 19. Qe2 Bf5 20. Bd3 Nxe3 21. Qxe3 Bb4 22. a6 b6 23. Nf3 Rae8 24. c3 Be7 25. Kg2 Qc8 26. Ng1 Rf7 27. Re1 Ref8 28. Re2 c5 29. Bc4 Be6 30. Bxe6 Qxe6 31. Qd3 c4 32. Qc2 Qc6 33. Kh2 Rf5 34. Rf1 b5 35. Ra1 Bc5 36. Qd2 Qb6 37. Rf1 Be7 38. Qd7 Qxa6 39. Rd2 R5f7 40. Qg4 Qc6 41. h4 Kh7 42. Nh3 Rf5 43. h5 1-0

[Event "Titled Tuesday intern op 23rd Jan Late"]
[Site "Chess.com INT"]
[Date "2024.01.23"]
[Round "6"]
[White "Dau, Khuong Duy"]
[Black "Prieto Aranguren, Alain"]
[Result "1-0"]
[WhiteElo "2309"]
[BlackElo "2160"]
[PlyCount "95"]
[EventDate "2024.01.23"]
[EventType "swiss (blitz)"]
[EventRounds "11"]
[EventCountry "USA"]
[SourceTitle "CB05_2024"]
[SourceDate "2024.01.31"]
[SourceVersion "1"]
[SourceVersionDate "2024.01.31"]
[SourceQuality "1"]

1. e4 c6 2. d4 d5 3. e5 Bf5 4. h4 h5 5. c4 e6 6. Nc3 Bb4 7. Nge2 Ne7 8. Ng3 Bg6 9. Bg5 Qa5 10. Qd2 Nf5 11. Nxf5 Bxf5 12. Be2 dxc4 13. Bxc4 Nd7 14. 0-0 Nb6 15. Bb3 Nd5 16. Rac1 0-0 17. a3 Bxc3 18. bxc3 Qxa3 19. Bc4 Qa5 20. Be2 Bg6 21. Bf3 b5 22. Qb2 Qb6 23. Qe2 a5 24. Bxh5 Bh7 25. Bf3 a4 26. Bxd5 cxd5 27. Qg4 Bf5 28. Qg3 Kh8 29. h5 a3 30. Be7 Rg8 31. Qg5 Ra7 32. h6 Rxe7 33. Qxe7 gxh6 34. Qf6+ Kh7 35. Kh2 b4 36. cxb4 Qxd4 37. Rc7 Qf4+ 38. Kg1 Rg7 39. Rxf7 Rxf7 40. Qxf7+ Kh8 41. Qf6+ Kh7 42. b5 a2 43. b6 Qd4 44. b7 Qb6 45. Qf7+ Kh8 46. Qf8+ Kh7 47. b8Q Qxb8 48. Qxb8 1-0

[Event "Titled Tuesday intern op 23rd Jan Late"]
[Site "Chess.com INT"]
[Date "2024.01.23"]
[Round "5"]
[White "Nasuta, Grzegorz"]
[Black "Dau, Khuong Duy"]
[Result "0-1"]
[WhiteElo "2563"]
[BlackElo "2309"]
[PlyCount "52"]
[EventDate "2024.01.23"]
[EventType "swiss (blitz)"]
[EventRounds "11"]
[EventCountry "USA"]
[SourceTitle "CB05_2024"]
[SourceDate "2024.01.31"]
[SourceVersion "1"]
[SourceVersionDate "2024.01.31"]
[SourceQuality "1"]

1. e4 c5 2. Nf3 d6 3. d4 cxd4 4. Nxd4 Nf6 5. Nc3 g6 6. Be2 Bg7 7. Nb3 0-0 8. 0-0 Nc6 9. Re1 a6 10. Bf1 b5 11. Nd5 Bb7 12. c3 Rc8 13. Bg5 Ne5 14. a4 Nc4 15. Bxf6 exf6 16. axb5 axb5 17. Bxc4 bxc4 18. Na5 Ba8 19. Ra4 f5 20. exf5 Bxd5 21. Qxd5 Rc5 22. Nb7 Rxd5 23. Nxd8 Rxd8 24. fxg6 hxg6 25. Rxc4 Rd2 26. b4 Rc2 0-1

[Event "Titled Tuesday intern op 23rd Jan Late"]
[Site "Chess.com INT"]
[Date "2024.01.23"]
[Round "11"]
[White "Subelj, Jan"]
[Black "Dau, Khuong Duy"]
[Result "0-1"]
[WhiteElo "2512"]
[BlackElo "2309"]
[PlyCount "96"]
[EventDate "2024.01.23"]
[EventType "swiss (blitz)"]
[EventRounds "11"]
[EventCountry "USA"]
[SourceTitle "CB05_2024"]
[SourceDate "2024.01.31"]
[SourceVersion "1"]
[SourceVersionDate "2024.01.31"]
[SourceQuality "1"]

1. d4 Nf6 2. c4 g6 3. Nc3 Bg7 4. e4 d6 5. Nf3 0-0 6. Be2 e5 7. 0-0 Nc6 8. d5 Ne7 9. Ne1 Ne8 10. Nd3 f5 11. f3 f4 12. c5 g5 13. b4 Ng6 14. b5 Rf7 15. a4 Bf8 16. Ba3 h5 17. a5 Nf6 18. b6 cxb6 19. axb6 dxc5 20. Bxc5 Bxc5+ 21. Nxc5 Qxb6 22. N3a4 Qd6 23. Ne6 Bxe6 24. dxe6 Qxe6 25. Rc1 Rc8 26. Kh1 Kg7 27. Nc5 Qb6 28. Nd3 Rxc1 29. Qxc1 g4 30. Nc5 Re7 31. Rd1 Qc6 32. Qa3 b6 33. Na6 Qc2 34. Re1 Qd2 35. Qa1 Rd7 36. Bb5 Nh4 37. Rg1 Re7 38. Qa3 Ng6 39. Nb4 Qd6 40. Qb3 a5 41. Nc6 Rc7 42. Rd1 Qc5 43. Nd8 Nf8 44. h3 Qc2 45. Qxc2 Rxc2 46. hxg4 hxg4 47. fxg4 Nxg4 48. Nc6 Nf2+ 0-1

[Event "Budapest Vezerkepzo GM New Year"]
[Site "Budapest"]
[Date "2024.01.12"]
[Round "8"]
[White "Mohammad, Nubairshah Shaikh"]
[Black "Dau, Khuong Duy"]
[Result "1/2-1/2"]
[WhiteElo "2428"]
[BlackElo "2309"]
[PlyCount "95"]
[EventDate "2024.01.05"]
[EventType "tourn"]
[EventRounds "9"]
[EventCountry "HUN"]
[EventCategory "6"]
[SourceTitle "CB03_2024"]
[SourceDate "2024.01.17"]
[SourceVersion "1"]
[SourceVersionDate "2024.01.17"]
[SourceQuality "1"]

1. d4 Nf6 2. c4 g6 3. Nc3 Bg7 4. e4 d6 5. Nf3 0-0 6. Be2 e5 7. 0-0 Nc6 8. d5 Ne7 9. b4 Ne8 10. a4 f5 11. a5 Nf6 12. Bg5 Nxe4 13. Nxe4 fxe4 14. Nd2 h6 15. Bxe7 Qxe7 16. Nxe4 h5 17. c5 Bf5 18. Bd3 Bh6 19. Ra3 h4 20. a6 b6 21. Rc3 Rad8 22. cxd6 cxd6 23. Rc6 Rf7 24. Qe2 Kg7 25. Rb1 Bf4 26. Rb2 Qf8 27. Rbc2 Qe7 28. Nc3 Qg5 29. Bxf5 gxf5 30. Nb5 Kh7 31. Rc7 Rxc7 32. Rxc7+ Kh6 33. Qf1 Rg8 34. Nxd6 Qg4 35. Rf7 Rg5 36. h3 Qxh3 37. Nxf5+ Kg6 38. Rg7+ Kf6 39. Ng3 Qg4 40. Rxg5 Bxg5 41. Qe2 Qxe2 42. Nxe2 Bd2 43. b5 Ke7 44. Kh2 Kd6 45. Kh3 Kxd5 46. Kxh4 Be1 47. g4 Bxf2+ 48. Kh5 1/2-1/2

[Event "Budapest Vezerkepzo GM New Year"]
[Site "Budapest"]
[Date "2024.01.11"]
[Round "7"]
[White "Dau, Khuong Duy"]
[Black "Neverov, Valeriy"]
[Result "0-1"]
[WhiteElo "2309"]
[BlackElo "2406"]
[PlyCount "92"]
[EventDate "2024.01.05"]
[EventType "tourn"]
[EventRounds "9"]
[EventCountry "HUN"]
[EventCategory "6"]
[SourceTitle "CB03_2024"]
[SourceDate "2024.01.17"]
[SourceVersion "1"]
[SourceVersionDate "2024.01.17"]
[SourceQuality "1"]

1. e4 c5 2. Nc3 a6 3. Nge2 b5 4. g3 e6 5. Bg2 Bb7 6. 0-0 b4 7. Nb1 Nf6 8. d3 d5 9. Nd2 Be7 10. h3 Nc6 11. f4 0-0 12. g4 dxe4 13. dxe4 Qc7 14. g5 Nh5 15. e5 g6 16. c3 Rfd8 17. Qc2 Rd7 18. Ne4 Rad8 19. Be3 Rd3 20. Qc1 bxc3 21. N2xc3 Nb4 22. Kh2 c4 23. Re1 Nd5 24. Bd2 Rxd2 25. Qxd2 Ndxf4 26. Qc2 Nd3 27. Kg1 Nxe1 28. Rxe1 Nf4 29. h4 Nd3 30. Rf1 Qxe5 31. Qe2 Bxe4 32. Nxe4 Qxb2 33. Qf3 Qd4+ 34. Kh1 Ne5 35. Qg3 h5 36. gxh6 Kh7 37. h5 Rg8 38. Qf4 Kh8 39. h7 Rf8 40. Qh6 Ng4 41. Qf4 gxh5 42. Qg3 f5 43. Nc3 Qe5 44. Qh3 Bc5 45. Nd1 c3 46. Qxc3 Nf2+ 0-1

[Event "Budapest Vezerkepzo GM Christmas"]
[Site "Budapest"]
[Date "2024.01.02"]
[Round "8"]
[White "Dau, Khuong Duy"]
[Black "Berczes, David"]
[Result "1/2-1/2"]
[WhiteElo "2299"]
[BlackElo "2438"]
[PlyCount "76"]
[EventDate "2023.12.26"]
[EventType "tourn"]
[EventRounds "9"]
[EventCountry "HUN"]
[EventCategory "6"]
[SourceTitle "CB02_2024"]
[SourceDate "2024.01.10"]
[SourceVersion "1"]
[SourceVersionDate "2024.01.10"]
[SourceQuality "1"]

1. e4 e5 2. Nf3 Nc6 3. Bb5 a6 4. Ba4 Bc5 5. 0-0 Nge7 6. d3 d6 7. c3 0-0 8. d4 Ba7 9. h3 h6 10. Bb3 Ng6 11. Be3 Qf6 12. a4 Nf4 13. Kh1 g5 14. Na3 h5 15. Nc2 Ne7 16. Nh2 Neg6 17. dxe5 dxe5 18. Bxa7 Rxa7 19. Ne3 Kg7 20. Bc2 Rd8 21. Qe1 Ra8 22. Nf5+ Kg8 23. Qe3 Be6 24. Rfd1 Ne7 25. Nf3 Nxf5 26. exf5 Bxf5 27. Bxf5 Qxf5 28. Qxe5 Qxe5 29. Nxe5 Rxd1+ 30. Rxd1 Re8 31. Nf3 g4 32. hxg4 hxg4 33. Rd4 gxf3 34. Rxf4 Re1+ 35. Kh2 Re2 36. Rb4 Rxf2 37. Kg3 Rd2 38. gxf3 b6 1/2-1/2

[Event "Budapest Vezerkepzo GM Christmas"]
[Site "Budapest"]
[Date "2023.12.28"]
[Round "3"]
[White "Dau, Khuong Duy"]
[Black "Tancsa, Tamas"]
[Result "1/2-1/2"]
[WhiteElo "2299"]
[BlackElo "2337"]
[PlyCount "62"]
[EventDate "2023.12.26"]
[EventType "tourn"]
[EventRounds "9"]
[EventCountry "HUN"]
[EventCategory "6"]
[SourceTitle "CB02_2024"]
[SourceDate "2024.01.10"]
[SourceVersion "1"]
[SourceVersionDate "2024.01.10"]
[SourceQuality "1"]

1. e4 e5 2. Nf3 Nc6 3. Bb5 a6 4. Ba4 Nf6 5. 0-0 Be7 6. d3 b5 7. Bb3 d6 8. a4 b4 9. a5 0-0 10. h3 Be6 11. Nbd2 Bxb3 12. Nxb3 d5 13. Qe2 Re8 14. Re1 h6 15. Bd2 Bd6 16. exd5 Ne7 17. Be3 Nexd5 18. Nfd2 Qd7 19. Ne4 Nxe4 20. dxe4 Nxe3 21. Qxe3 Qc6 22. Qe2 Rad8 23. Rad1 Be7 24. Rd5 Bf6 25. Red1 Rd6 26. R1d3 Red8 27. Rc5 Qb7 28. Rxd6 cxd6 29. Rd5 Qc6 30. Qd3 Be7 31. Nd2 Rc8 1/2-1/2

[Event "Budapest Vezerkepzo GM Christmas"]
[Site "Budapest"]
[Date "2023.12.26"]
[Round "1"]
[White "Dau, Khuong Duy"]
[Black "Sai, Krishna GV"]
[Result "1/2-1/2"]
[WhiteElo "2299"]
[BlackElo "2371"]
[PlyCount "82"]
[EventDate "2023.12.26"]
[EventType "tourn"]
[EventRounds "9"]
[EventCountry "HUN"]
[EventCategory "6"]
[SourceTitle "CB02_2024"]
[SourceDate "2024.01.10"]
[SourceVersion "1"]
[SourceVersionDate "2024.01.10"]
[SourceQuality "1"]

1. e4 e5 2. Nf3 Nc6 3. Bb5 a6 4. Ba4 d6 5. c3 f5 6. exf5 Bxf5 7. 0-0 Bd3 8. Re1 Be7 9. Qb3 b5 10. Qd5 Qd7 11. Qxd3 bxa4 12. Qe3 Nf6 13. d4 exd4 14. cxd4 Nb4 15. Qe2 0-0 16. Bg5 Nbd5 17. Nc3 Nxc3 18. bxc3 Rfe8 19. Bxf6 Bxf6 20. Qc4+ Kh8 21. Rxe8+ Rxe8 22. Qxa6 g5 23. Qd3 g4 24. Nd2 Qe6 25. Nf1 Qe2 26. Qf5 Bg7 27. Ng3 Qb2 28. Rf1 Qxc3 29. Qxg4 Qxd4 30. Qd7 Rg8 31. Qxc7 Be5 32. Qc1 Qc5 33. Qd2 a3 34. Ne4 Qc4 35. Re1 Bb2 36. Nxd6 Qxa2 37. Qf4 Qd5 38. Nf7+ Kg7 39. Ng5 Kh8 40. Nf7+ Kg7 41. Ng5 Kh8 1/2-1/2

[Event "VIE-ch"]
[Site "Ha Tien"]
[Date "2023.09.14"]
[Round "3"]
[White "Dau, Khuong Duy"]
[Black "Tran, Vo Quoc Bao"]
[Result "1/2-1/2"]
[WhiteElo "2292"]
[BlackElo "1889"]
[PlyCount "52"]
[EventDate "2023.09.13"]
[EventType "swiss"]
[EventRounds "9"]
[EventCountry "VIE"]
[SourceTitle "EXT 2024"]
[Source "ChessBase"]
[SourceDate "2023.10.10"]
[SourceVersion "1"]
[SourceVersionDate "2023.10.10"]
[SourceQuality "1"]

1. e4 c6 2. d4 d5 3. e5 Bf5 4. h4 h5 5. c4 e6 6. Nc3 dxc4 7. Bxc4 Be7 8. Nge2 Bxh4 9. g3 Bg5 10. Nf4 h4 11. g4 Bh7 12. Qb3 Bxf4 13. Bxf4 b5 14. Be2 a5 15. Rd1 b4 16. d5 exd5 17. Nxd5 cxd5 18. Rxd5 Qc7 19. Qf3 Ne7 20. e6 Qc8 21. Bc7 0-0 22. Rd8 Rxd8 23. Qxf7+ Kh8 24. Qxe7 Rd4 25. Qxh4 Qg8 26. Be5 Re4 1/2-1/2